00372nam a2200109Ia 4500008004100000040001700041041001200058082001700070100001900087245014500106300001100251230917s9999||||xx |||||||||||||| ||und|| e107425aMAIN aEnglish a615.842 S61E aSingh, Harmeet 0aEvoluation of proteolytic erizymes (Trypsin, chymotryprin and papain) as radiation effect modifies in locally advanced head and neck Cancers a166 p.